Local level governance in input delivery : (Record no. 59039)
[ view plain ]
| 000 -LEADER | |
|---|---|
| fixed length control field | 01080nam a2200277 a 4500 |
| 001 - CONTROL NUMBER | |
| control field | 59039 |
| 003 - CONTROL NUMBER IDENTIFIER | |
| rucl marc code | BD-RjUL |
| 005 - DATE AND TIME OF LATEST TRANSACTION | |
| control field | 20211209080703.0 |
| 008 - FIXED-LENGTH DATA ELEMENTS--GENERAL INFORMATION | |
| fixed length control field | 161220s2012 bg b 000 0 eng |
| 020 ## - INTERNATIONAL STANDARD BOOK NUMBER | |
| International Standard Book Number | 9789845591829 |
| 035 ## - SYSTEM CONTROL NUMBER | |
| System control number | (BD-RjUL)59163 |
| 040 ## - CATALOGING SOURCE | |
| Transcribing agency | BD-RjUL |
| Modifying agency | BD-RjUL |
| Language of cataloging | eng |
| Original cataloging agency | BD-RjUL |
| 041 0# - LANGUAGE CODE | |
| Language code of text/sound track or separate title | eng |
| -- | ben |
| 082 ## - DEWEY DECIMAL CLASSIFICATION NUMBER | |
| Edition number | 23 |
| Classification number | 668.62095492 |
| Author mark and year | RAL 2012 |
| 100 1# - MAIN ENTRY--PERSONAL NAME | |
| Personal name | Rahman, Md. Ataur. |
| 9 (RLIN) | 175599 |
| 245 10 - TITLE STATEMENT | |
| Title | Local level governance in input delivery : |
| Remainder of title | a case of Urea fertilizer marketing for Boro paddy cultivation in Bangladesh / |
| Statement of responsibility, etc. | Md. Ataur Rahman, Kamrul Ahsan. |
| 260 ## - PUBLICATION, DISTRIBUTION, ETC. (IMPRINT) | |
| Place of publication, distribution, etc. | Comilla : |
| Name of publisher, distributor, etc. | Bangladesh Academy for Rural Development, |
| Date of publication, distribution, etc. | 2012. |
| 300 ## - PHYSICAL DESCRIPTION | |
| Pagination | 131 p. ; |
| Size | 23 cm. |
| 504 ## - BIBLIOGRAPHY, ETC. NOTE | |
| Bibliography, etc | Includes bibliographical references (p. 103-106). |
| 650 #0 - SUBJECT ADDED ENTRY--TOPICAL TERM | |
| Topical term or geographic name as entry element | Fertilizer subsidies |
| Geographic subdivision | Bangladesh. |
| 9 (RLIN) | 175600 |
| Topical term or geographic name as entry element | Urea as fertilizer |
| General subdivision | Government policy |
| Geographic subdivision | Bangladesh. |
| 9 (RLIN) | 175601 |
| Topical term or geographic name as entry element | Rice |
| General subdivision | Fertilizers |
| -- | Economic aspects |
| Geographic subdivision | Bangladesh. |
| 9 (RLIN) | 175602 |
| 700 1# - ADDED ENTRY--PERSONAL NAME | |
| Personal name | Ahsan, Kamrul. |
| 710 2# - ADDED ENTRY--CORPORATE NAME | |
| Corporate name or jurisdiction name as entry element | Bāṃlādeśa Pallī Unnaẏana Ekāḍemī. |
| 9 (RLIN) | 171305 |
| 942 ## - ADDED ENTRY ELEMENTS (KOHA) | |
| Source of classification or shelving scheme | Dewey Decimal Classification |
| Koha item type | Books |
| Lost status | Source of classification or shelving scheme | Damaged status | Not for loan | Collection code | Permanent Location | Current Location | Shelving location | Date acquired | Source of acquisition | Cost, normal purchase price | Total Checkouts | Full call number | Date last seen | Copy number | Koha item type |
|---|---|---|---|---|---|---|---|---|---|---|---|---|---|---|---|
| Dewey Decimal Classification | Not For Loan | Non-fiction | Central Library, University of Rajshahi | Central Library, University of Rajshahi | Reading Room | 25/09/2012 | Comilla BARD | 250.00 | 668.62095492 RAL 2012 | 20/12/2016 | C-1 | Books |